000 00820nam a2200289Ia 4500
003 OSt
005 20221005024530.0
006 a|||||r|||| 00| 0
007 ta
008 221004b |||||||| |||| 00| 0 eng d
020 _a1555879551
024 _a79255
037 _cTextual
040 _aCRL
_cCRL
_beng
041 _2eng
_aeng
082 _aW6, P1
100 _aBarkawi Tarak Ed.
_9511034
245 0 _aDemocracy, liberalism, and war
_b Rethinking the democratic peace debate
260 _aBoulder
_bLynne Rienner USA
_c2001
300 _a237p.
_ccm.
490 _aCritical security studies
650 _a DEMOCRACY
650 _aPOLITICAL SCIENCE
700 _a Laffey Mark Ed.
_9511035
942 _hW6, P1
_cTEXL
_2cc
999 _c933001
_d933001